000 01271cam a2200337 a 4500
001 1975
003 FISKH
005 20231024084225.0
008 950712s1996 nyua j b 000 0 eng
010 _a 95035227
020 _a0688104371 (tr)
020 _a9780688161552
040 _aDLC
_cDLC
_dDLC
_beng
042 _alcac
050 0 0 _aN6923.L33
_bS72 1996
082 0 0 _a709/.2
_aB
_220
100 1 _aStanley, Diane.
245 1 0 _aLeonardo da Vinci /
_cDiane Stanley.
260 _aNew York :
_bHarper Trophy,
_c1996.
300 _a48 unnumbered pages :
_bcolor illustrations ;
_c28 cm
505 _aZ'
520 _aA biography of the Italian Renaissance artist and inventor who, at about age thirty, began writing his famous notebooks which contain the outpourings of his amazing mind.
521 8 _a1010
_bLexile NC
521 8 _aZ'
_bRaz-Plus
600 0 0 _aLeonardo,
_cda Vinci,
_d1452-1519
_xCriticism and interpretation
_vJuvenile literature.
600 0 1 _aLeonardo,
_cda Vinci,
_d1452-1519.
650 1 _aArtists.
906 _a7
_bcbc
_corignew
_d1
_eocip
_f19
_gy-gencatlg
942 _2ddc
_cBK
_n0
999 _c1975
_d1975